| 000 | 00957cam a22002415a 4500 | ||
|---|---|---|---|
| 001 | 17516781 | ||
| 005 | 20201128021416.0 | ||
| 008 | 121102t2013 mdua fr 001 0 eng d | ||
| 020 | _a9781589797994 | ||
| 040 |
_aDLC _beng _cDLC _dDLC _dEG-ScBUE |
||
| 082 | 0 | 4 |
_a658.022 _222 _bKAM |
| 100 | 1 |
_aKamoroff, Bernard. _938965 |
|
| 245 | 1 | 0 |
_aSmall time operator : _bhow to start your own business, keep your books, pay your taxes, and stay out of trouble / _cBernard B. Kamoroff. |
| 250 | _a13th ed. | ||
| 260 |
_aLanham : _bTaylor Trade Publishing, _cc.2013. |
||
| 300 |
_axix, 229 p. : _bill. ; _c28 cm. |
||
| 500 | _aIndex : p. 215-228. | ||
| 505 | 0 | _aPreface: be your own boss -- Getting started -- Bookkeeping -- Growing up -- Taxes -- Home business -- Your business -- Appendix the ledgers -- Index -- About the author. | |
| 650 | 7 |
_aNew business enterprises. _2BUEsh _9239 |
|
| 651 | _2BUEsh | ||
| 653 |
_bBUSADM _cJuly2015 _cJanuary2016 |
||
| 942 | _2ddc | ||
| 999 |
_c20247 _d20219 |
||